LEADER 01387nam0 22003133i 450 001 VAN00247548 005 20240806101409.571 017 70$2N$a978-3-030-48834-5 100 $a20220628d2021 |0itac50 ba 101 $aeng 102 $aCH 105 $a|||| ||||| 200 1 $aDirect Methods$eMethodological Progress and Engineering Applications$fAurora Angela Pisano, Konstantinos Vassilios Spiliopoulos, Dieter Weichert editors 210 $aCham$cSpringer$d2021 215 $aXII, 247 p.$cill.$d24 cm 410 1$1001VAN00037870$12001 $aLecture notes in applied and computational mechanics$1210 $aBerlin$cSpringer$d2001-$v95 620 $aCH$dCham$3VANL001889 702 1$aPisano$bAurora Angela$3VANV084103 702 1$aSpiliopoulos$bKonstantinos Vassilios$3VANV202541 702 1$aWeichert$bDieter$3VANV084104 712 $aSpringer $3VANV108073$4650 801 $aIT$bSOL$c20240906$gRICA 856 4 $uhttps://link.springer.com/book/10.1007/978-3-030-48834-5$zE-book ? Accesso al full-text attraverso riconoscimento IP di Ateneo, proxy e/o Shibboleth 899 $aBIBLIOTECA CENTRO DI SERVIZIO SBA$2VAN15 912 $fN 912 $aVAN00247548 950 $aBIBLIOTECA CENTRO DI SERVIZIO SBA$d15CONS SBA EBOOK 9287 $e15EB 9287 20220628 996 $aDirect Methods$92855064 997 $aUNICAMPANIA